• 首页
  • 本馆介绍
  • 公告通知
  • 最新文献
  • 馆藏检索
  • 电子资源
  • 读者导购
  • 参考咨询
  • 我的图书馆
  • 登录
  • 详细信息显示
  • 放入我的书架
  • 预约/预借图书
  • 作者相关作品
  • 分类相关作品
  • 丛书相关作品
  • 出版社相关作品

书目信息

  • 表格格式
  • 工作单格式
  • 卡片格式
题名:
环北部湾物流业与石化产业的协调发展实证研究
    
 
作者: 唐连生 著
分册:  
出版信息: 北京   中国时代经济出版社  2019.1
页数: 166页
开本: 24cm
丛书名:
单 册:
中图分类: F426.22 , F259.22
科图分类:
主题词: 石油化学工业--shi you hua xue gong ye--工业发展--研究--中国 , 物流--wu liu--产业发展--研究--中国
电子资源:
ISBN: 978-7-5119-2860-3
000 01178nam0 2200265 450
001 2161421763
005 20210928130734.0
010    @a978-7-5119-2860-3@dCNY45.00
100    @a20190731d2019 em y0chiy50 ea
101 0  @achi
102    @aCN@b110000
105    @aak z 000yy
106    @ar
200 1  @a环北部湾物流业与石化产业的协调发展实证研究@Ahuan bei bu wan wu liu ye yu shi hua chan ye de xie tiao fa zhan shi zheng yan jiu@f唐连生著
210    @a北京@c中国时代经济出版社@d2019.1
215    @a166页@c图@d24cm
300    @a宁波工程学院出版基金资助 浙江自然科学基金项目(LY16G020013)
330    @a本书共分为11章,主要从环北部湾石化与物流产业关系研究、石化与物流耦合产业链条价值传导机理、基准约束下物流业与石化产业对区域经济增长影响效应研究、环北部湾石化产业与物流业联动协调发展的制度渠道分析等方面对环北部湾区域经济发展中的物流业和石化产业的协调发展进行了深入分析。
606 0  @a石油化学工业@Ashi you hua xue gong ye@x工业发展@x研究@y中国
606 0  @a物流@Awu liu@x产业发展@x研究@y中国
690    @aF426.22@v5
690    @aF259.22@v5
701  0 @a唐连生@Atang lian sheng@f(1974-)@4著
801  0 @aCN@b百万庄@c20210927
905    @b1302025-28@dF426.22@e196@f4
    
    环北部湾物流业与石化产业的协调发展实证研究/唐连生著.-北京:中国时代经济出版社,2019.1
    166页:图;24cm
    宁波工程学院出版基金资助 浙江自然科学基金项目(LY16G020013)
    
    ISBN 978-7-5119-2860-3:CNY45.00
    本书共分为11章,主要从环北部湾石化与物流产业关系研究、石化与物流耦合产业链条价值传导机理、基准约束下物流业与石化产业对区域经济增长影响效应研究、环北部湾石化产业与物流业联动协调发展的制度渠道分析等方面对环北部湾区域经济发展中的物流业和石化产业的协调发展进行了深入分析。
●
相关链接 在E读中查询图书 在五车中查询图书 在当当中查询图书 在豆瓣中查询图书


正题名:环北部湾物流业与石化产业的协调发展实证研究     索取号:F426.22/196         预约/预借

序号 登录号 条形码 馆藏地/架位号 状态 备注
1 1302025   213020256   第一样本阅览室/ [索取号:F426.22/196] 在馆    
2 1302026   213020265   第一借阅区/ [索取号:F426.22/196] 在馆    
3 1302027   213020274   第一借阅区/ [索取号:F426.22/196] 在馆    
4 1302028   213020283   第一借阅区/ [索取号:F426.22/196] 在馆    
唐山师范学院图书馆 欢迎您!
大连网信软件有限公司© 版权所有